Miraculous Akumatiztions - Statistics

General Stats
  • This quiz has been taken 342 times
  • The average score is 18 of 46
Answer Stats
Hint Answer % Correct
Lost a TV weather competition Stormy Weather
84%
Mad at Adrien's father for not giving him freedom Bubbler
74%
Suspended from school Lady WiFi
74%
Ladybug wouldn't listen to her Anti Bug
67%
Humiliated by Chloe on Valentines Dark Cupid
67%
Beat out of a gaming competiton Gamer
67%
Ladybug called her out for lying Volpina
65%
Found out who his father really was Cat Blanc
60%
Akumatized himself Collector
54%
Came from the future Timetagger
53%
Kim made fun of him Stoneheart
50%
Alya grounded them Sapotis
48%
Mad at Bob Roth Silencer
46%
Her watch was broken Timebreaker
46%
A misunderstanding between this person Marinette and Nathaniel Reverser
43%
Caught playing a kids game Oblivio
42%
Has a crush on a foreign prince Princess Fragrance
42%
Lost at fencing Riposte
42%
Kim didn't realize her feelings Syren
42%
Upset about his daughter's "broken heart" Weredad
42%
Christmas hadn't come yet Chris Master
41%
Has a crush on Marinette Evillustrator
40%
No one believed her when she discovered these creatures Kwami Buster
39%
Not given a seat in the front row Style Queen
39%
Doesn't like the modern world Bakerix
37%
Has been akumatized the most Mr Pigeon
36%
Being overwhelmed at work Troublemaker
36%
Lost his part in a play The Mime
35%
Fired from job in front of daughters class Roger Cop
34%
Hadn't gotten an email Startrain
34%
Jagged Stone fired her Desperada
30%
Jealous of a rival artist Guitar Villain
30%
The first akumatized sentimonster Feast
28%
Chloe wanted to leave Paris Malediktator
27%
Chloe told her she's a bad friend Miraculer
27%
She was jealous of Lila Oni Chan
27%
Marinette didn't believe in the magic Glaciator
26%
Father wants him to think in the present Pharaoh
26%
Ladybug wouldn't give a miraculous Miracle Queen
25%
Excluded from class photo Reflecta
25%
Kagami betrayed her Ikari Gozen
23%
Didn't want her sister to go out Anasi
21%
Was told they couldn't do their concert Captain Hardrock
21%
Saved Marinette from an akuma Zombiezou
16%
Akumatized on their anniversary Loveater
9%
Her mother took away a doll Puppetry
5%
No matching quizzes found
Score Distribution
Percent of People with Each Score
Percentile by Number Answered
Your Score History
You have not taken this quiz